10 Random Capitals Alphabetically - Blind Ranking - Statistics

General Stats
  • This quiz has been taken 334 times
  • The average score is 6 of 10
Answers on the Map
Answers color-coded by a green-red scale on the quiz's map according to % correct below.
 
Answer Stats
Capitales % Correct
Algiers
100%
Amsterdam
100%
Andorra la Vella
100%
Apia
100%
Asmara
100%
Astana
100%
Asunción
100%
Baku
100%
Basseterre
100%
Beirut
100%
Brazzaville
100%
Bucharest
100%
Caracas
100%
Damascus
100%
Doha
100%
Hanoi
100%
Harare
100%
Helsinki
100%
Kampala
100%
Kingstown
100%
Kuwait City
100%
Lima
100%
Lomé
100%
Luanda
100%
Maputo
100%
Maseru
100%
Montevideo
100%
Nairobi
100%
Nassau
100%
Port Louis
100%
Prague
100%
Riyadh
100%
Sana'a
100%
Sofia
100%
South Tarawa
100%
Stockholm
100%
Tokyo
100%
Tunis
100%
Yaoundé
100%
Majuro
88%
Gitega
83%
Abuja
80%
Dodoma
80%
Lusaka
80%
Manama
80%
Port-au-Prince
80%
Addis Ababa
75%
Banjul
75%
Brussels
75%
Buenos Aires
75%
Ciudad de la Paz
75%
Funafuti
75%
Georgetown
75%
Niamey
75%
Podgorica
75%
Singapore
75%
N'Djamena
71%
Antananarivo
67%
Bangkok
67%
Bangui
67%
Beijing
67%
Bissau
67%
Bogotá
67%
Brasília
67%
Bratislava
67%
Copenhagen
67%
Dili
67%
Guatemala City
67%
Jakarta
67%
Kabul
67%
Kuala Lumpur
67%
La Paz
67%
Ljubljana
67%
Nouakchott
67%
Panama City
67%
Porto-Novo
67%
San Marino
67%
Sarajevo
67%
Skopje
67%
Taipei
67%
Tbilisi
67%
Yerevan
67%
Cairo
60%
Lilongwe
60%
Mexico City
60%
Minsk
60%
New Delhi
60%
Pristina
60%
Saint John's
60%
Windhoek
60%
Belgrade
57%
Mogadishu
57%
Yaren
57%
Athens
50%
Belmopan
50%
Bridgetown
50%
Budapest
50%
Canberra
50%
Conakry
50%
Dhaka
50%
Djibouti
50%
Freetown
50%
Gaborone
50%
Havana
50%
Honiara
50%
Islamabad
50%
Jerusalem
50%
Juba
50%
Kigali
50%
Kyiv
50%
Lisbon
50%
London
50%
Luxembourg
50%
Manila
50%
Monaco
50%
Moroni
50%
Muscat
50%
Ottawa
50%
Paramaribo
50%
Paris
50%
Port Moresby
50%
Rabat
50%
Reykjavík
50%
Roseau
50%
Saint George's
50%
Santo Domingo
50%
Tashkent
50%
Thimphu
50%
Tripoli
50%
Vatican City
50%
Warsaw
50%
Wellington
50%
Yamoussoukro
50%
Suva
43%
Castries
40%
Libreville
40%
Ngerulmud
40%
Nicosia
40%
Pretoria
40%
Ankara
33%
Ashgabat
33%
Baghdad
33%
Bamako
33%
Bishkek
33%
Dublin
33%
Kingston
33%
Kinshasa
33%
Mbabane
33%
Monrovia
33%
Naypyidaw
33%
Phnom Penh
33%
Quito
33%
San Salvador
33%
São Tomé
33%
Tallinn
33%
Tehran
33%
Vaduz
33%
Victoria
33%
Bern
25%
Managua
25%
Ouagadougou
25%
Palikir
25%
Pyongyang
25%
San José
25%
Port-of-Spain
20%
Rome
20%
Tegucigalpa
17%
Washington D.C.
17%
Abu Dhabi
0%
Accra
0%
Amman
0%
Bandar Seri Begawan
0%
Berlin
0%
Chișinău
0%
Dakar
0%
Dushanbe
0%
Kathmandu
0%
Khartoum
0%
Madrid
0%
Malé
0%
Moscow
0%
Nukuʻalofa
0%
Oslo
0%
Port Vila
0%
Praia
0%
Riga
0%
Santiago
0%
Seoul
0%
Sri Jayawardenepura Kotte
0%
Tirana
0%
Ulaanbaatar
0%
Valletta
0%
Vienna
0%
Vientiane
0%
Vilnius
0%
Zagreb
0%
No matching quizzes found
Score Distribution
Percent of People with Each Score
Percentile by Number Answered
Your Score History
You have not taken this quiz